Zmeny na projektoch

Základné charakteristiky a úlohy projektu. Technický pohľad na zmenu (change reguest) ako základný predpoklad pre aplikovanie zmien do života projektu. Zdôvodnenie a zaznamenávanie zmien v projekte.

Na minha lista:
Detalhes bibliográficos
Autor principal: Minárik, Peter
Formato: Capítulo de Livro
Idioma:eslovaco
Assuntos:
Tags: Adicionar Tag
Sem tags, seja o primeiro a adicionar uma tag!

MARC

LEADER 00000naa a2200000 4500
001 0193639
005 20230912114159.9
041 0 |a slo 
044 |a SK 
245 1 0 |a Zmeny na projektoch  |c Peter Minárik 
520 |a Základné charakteristiky a úlohy projektu. Technický pohľad na zmenu (change reguest) ako základný predpoklad pre aplikovanie zmien do života projektu. Zdôvodnenie a zaznamenávanie zmien v projekte. 
610 2 0 |a manažment 
610 2 0 |a riadenie projektové 
610 2 0 |a rozhodovanie manažérske 
610 2 0 |a riadenie zmien 
610 2 0 |a riadenie rizík 
610 2 0 |a tímy pracovné 
610 2 0 |a projekty 
100 1 |a Minárik, Peter